Mignonne, allons voir - Statistiques

Statistiques générales
  • Ce quiz a été pris 20 fois
  • Le résultat moyen est 11 sur 15
Statistiques - réponses
Réponse Réponse % Correct
Allons Soleil, au Las ! dure vostre fleur
100%
la perdu Las! beautés matin En Fera
100%
Mignonne, au teint place ne que ceste
100%
rose ceste voyez laissé jusques sa ternir
100%
si point pareil. ses du fleuronne vieillesse
100%
voir A vostre las Que âge la
100%
qui vesprée comme cheoir ! au plus vostre
70%
ce Les en O soir ! verte beauté.
65%
matin plis peu vraiment Donc, nouveauté,
65%
avait de d'espace marastre si Cueillez,
60%
de Et dessus telle mignonne, Comme
60%
pourpre son la fleur Tandis à
50%
robe pourprée, a qu'une croyez, jeunesse :
50%
Sa robe elle Puis me vostre
50%
desclose sa Mignonne, Nature, vous cueillez
5%
Aucun quiz correspondant
Distribution des résultats
% des personnes avec chaque résultat
Percentile par nombre de réponses
Votre historique - résultats
Vous n’avez pas pris ce quiz